000 01908na a2200289 4500
001 13506
003 MIRAKIL
005 20181213155156.0
008 160908b tu 000 0
020 _a0631217657
035 _a13506
040 _aMilas
_btur
_cTR-AnCHP
082 _a335.5
_bN38 1999
090 _a335.5 N38 1999
245 _aThe new social democracy
_cedited by Andrew Gamble and Tony Wright
260 _aMalden
_bBlackwell Publishers
_c1999
300 _aviii, 185 s.
_c25 sm.
504 _aKaynakça ve dizin var.
505 _aIntroduction: the new social democracy / Andrew Gamble and Tony Wright -- Premature obsequies: social democracy comes in from the cold / David Marquand -- European social democracy and new labour: unity in diversity / Donald Sassoon -- European social democracy: convergence, divisions, and shared questions / Frank Vandenbroucke -- Ownership and social democracy / Gerald Holtham -- The parabola of working class politics / Colin Crouch -- Globalisation and social democracy / Paul Hirst -- New Keynesianism and new labour / Will Hutton -- A response to Will Hutton / Ruth Kelly --Environmental democracy / Michael Jacobs -- The helmsman and the cattle prod / Anna Coote -- Social democracy in a small country: political leadership or management consultancy? / James McCormick and Graham Leichester -- New approaches to the welfare state / Julian Le Grand -- True blood or false genealogy: new labour and British social democratic thought / Michael Freeden -- 'Rights and responsibilities': a social democratic perspective/ Stuart White.
650 _aSosyal devlet
_zAvrupa Birliği ülkeleri
650 _aSosyal demokrasi
_xAvrupa Birliği ülkeleri
651 _aSosyalizm
_zAvrupa Birliği ülkeleri
651 _aAvrupa Birliği ülkeleri
_xSiyaset ve yönetim
700 _aWright, Anthony
700 _aGamble, Andrew
942 _2dcc
_cBKS
999 _c8005
_d8005